Orthopedics illustrated
Saved in:
| Hovedforfatter: | |
|---|---|
| Format: | Bog |
| Sprog: | engelsk |
| Udgivet: |
Jaypee Brothers Medicals
2013
|
| Tags: |
Tilføj Tag
Ingen Tags, Vær først til at tagge denne postø!
|
MARC
| LEADER | 00000nam a22000007a 4500 | ||
|---|---|---|---|
| 008 | 240820b |||||||| |||| 00| 0 eng d | ||
| 020 | |a 9789350251096 | ||
| 100 | |a GUPTA, RK | ||
| 245 | |a Orthopedics illustrated |c /RK Gupta |g xix, 248p;ill | ||
| 260 | |b Jaypee Brothers Medicals |c 2013 |h New Delhi |i 700420 |i 700421 |l RD731.G95 |m Orthopedics | ||
| 500 | |a it includes index | ||
| 942 | |a lcc |c BK |e Johnson |f 20/08/24 | ||
| 952 | |0 0 |1 0 |2 lcc |4 0 |6 RD0731 G95 |7 0 |9 5506 |a HE |b HOL |c QZ |d 2024-08-20 |l 0 |o RD731.G95 |p 2024-0746 |r 2024-08-20 00:00:00 |t 700420 |w 2024-08-20 |y BK | ||
| 952 | |0 0 |1 0 |2 lcc |4 0 |6 RD0731 G95 |7 0 |9 5507 |a HOL |b HOL |c QZ |d 2024-08-20 |l 0 |o RD731.G95 |p 2024-0747 |r 2024-08-20 00:00:00 |t 700421 |w 2024-08-20 |y BK | ||
| 999 | |c 2719 |d 2719 | ||